LIBRARY & INFORMATION CENTRE, KCAET, TAVANUR

ONLINE PUBLIC ACCESS CATALOGUE (OPAC)

Kattilekku oru theertha yathra / (Record no. 6300)

MARC details
000 -LEADER
fixed length control field 00431cam a2200181ua 4500
041 ## - LANGUAGE CODE
Language code of text/sound track or separate title mal
082 ## - DEWEY DECIMAL CLASSIFICATION NUMBER
Classification number 894.812
Item number CSN/KA
100 ## - MAIN ENTRY--AUTHOR NAME
Personal name C S , Nair .
245 ## - TITLE STATEMENT
Title Kattilekku oru theertha yathra /
260 ## - PUBLICATION, DISTRIBUTION, ETC. (IMPRINT)
Place of publication Thrissur :
Name of publisher Current Books ,
Year of publication 1964.
300 ## - PHYSICAL DESCRIPTION
Number of Pages 85 ; .
942 ## - ADDED ENTRY ELEMENTS (KOHA)
Koha item type Books
Holdings
Withdrawn status Lost status Damaged status Home library Current library Date acquired Full call number Accession Number Koha item type Public note
Withdrawn     KAUAET KAUAET 07/04/2012 894.812 4990 Books Deleted
Withdrawn     KAUAET Malayalam University 07/04/2012 894.812 4989 Books  
free website counter